<?xml version="1.0" encoding="UTF-8"?>
<record
    xmlns:xsi="http://www.w3.org/2001/XMLSchema-instance"
    xsi:schemaLocation="http://www.loc.gov/MARC21/slim http://www.loc.gov/standards/marcxml/schema/MARC21slim.xsd"
    xmlns="http://www.loc.gov/MARC21/slim">

  <leader>01128nam a2200301 a 4500</leader>
  <controlfield tag="001">000035708</controlfield>
  <controlfield tag="005">20200930074541.0</controlfield>
  <controlfield tag="008">111109s1983    sp            000 1 spa d</controlfield>
  <datafield tag="020" ind1=" " ind2=" ">
    <subfield code="a">8471669226</subfield>
  </datafield>
  <datafield tag="040" ind1=" " ind2=" ">
    <subfield code="a">DO-SdBNP</subfield>
    <subfield code="b">spa</subfield>
    <subfield code="c">BNPHU</subfield>
  </datafield>
  <datafield tag="041" ind1="1" ind2="7">
    <subfield code="a">spa</subfield>
    <subfield code="h">eng</subfield>
  </datafield>
  <datafield tag="100" ind1="1" ind2=" ">
    <subfield code="a">Gibr&#xE1;n, Gibr&#xE1;n Jalil,</subfield>
    <subfield code="d">1883-1931</subfield>
    <subfield code="9">61633</subfield>
  </datafield>
  <datafield tag="245" ind1="1" ind2="3">
    <subfield code="a">El profeta. Ninfas del valle. Arena y espuma /</subfield>
    <subfield code="c">Gibr&#xE1;n Jalil Gibr&#xE1;n ; traducci&#xF3;n y pr&#xF3;logo de Mauro Armi&#xF1;o.</subfield>
  </datafield>
  <datafield tag="260" ind1=" " ind2=" ">
    <subfield code="a">Madrid :</subfield>
    <subfield code="b">EDAF,</subfield>
    <subfield code="c">1983.</subfield>
  </datafield>
  <datafield tag="300" ind1=" " ind2=" ">
    <subfield code="a">201 p. ;</subfield>
    <subfield code="c">18 cm.</subfield>
  </datafield>
  <datafield tag="490" ind1="0" ind2=" ">
    <subfield code="a">Biblioteca EDAF ;</subfield>
    <subfield code="v">155</subfield>
  </datafield>
  <datafield tag="505" ind1="0" ind2=" ">
    <subfield code="a">&#xCD;ndice:</subfield>
    <subfield code="t">Cronolog&#xED;a. --</subfield>
    <subfield code="t">El profeta. --</subfield>
    <subfield code="t">Ninfas del valle. --</subfield>
    <subfield code="t">Arena y espuma.</subfield>
  </datafield>
  <datafield tag="600" ind1="1" ind2="4">
    <subfield code="a">Gibr&#xE1;n, Gibr&#xE1;n Jalil,</subfield>
    <subfield code="d">1883-1931.</subfield>
    <subfield code="t">Ninfas del valle</subfield>
    <subfield code="9">61634</subfield>
  </datafield>
  <datafield tag="600" ind1="1" ind2="4">
    <subfield code="a">Gibr&#xE1;n, Gibr&#xE1;n Jalil,</subfield>
    <subfield code="d">1883-1931.</subfield>
    <subfield code="t">Arena y espuma</subfield>
    <subfield code="9">61635</subfield>
  </datafield>
  <datafield tag="650" ind1="2" ind2="4">
    <subfield code="a">Literatura libanesa</subfield>
    <subfield code="9">27514</subfield>
  </datafield>
  <datafield tag="650" ind1="2" ind2="4">
    <subfield code="a">Narrativa libanesa</subfield>
    <subfield code="9">61636</subfield>
  </datafield>
  <datafield tag="650" ind1="2" ind2="4">
    <subfield code="a">Filosof&#xED;a libanesa</subfield>
    <subfield code="9">49575</subfield>
  </datafield>
  <datafield tag="650" ind1="2" ind2="4">
    <subfield code="a">Misticismo en la literatura</subfield>
    <subfield code="9">8754</subfield>
  </datafield>
  <datafield tag="700" ind1="1" ind2=" ">
    <subfield code="a">Armi&#xF1;o, Mauro,</subfield>
    <subfield code="e">trad.</subfield>
    <subfield code="9">13314</subfield>
  </datafield>
  <datafield tag="740" ind1="0" ind2=" ">
    <subfield code="a">Ninfas del valle</subfield>
  </datafield>
  <datafield tag="740" ind1="0" ind2=" ">
    <subfield code="a">Arena y espuma</subfield>
  </datafield>
  <datafield tag="830" ind1=" " ind2="0">
    <subfield code="a">Biblioteca EDAF ;</subfield>
    <subfield code="v">155</subfield>
    <subfield code="9">6779</subfield>
  </datafield>
  <datafield tag="952" ind1=" " ind2=" ">
    <subfield code="0">0</subfield>
    <subfield code="1">0</subfield>
    <subfield code="5">0</subfield>
    <subfield code="7">-1</subfield>
    <subfield code="8">MO</subfield>
    <subfield code="a">GR</subfield>
    <subfield code="b">GR</subfield>
    <subfield code="c">OI</subfield>
    <subfield code="d">2011-11-09</subfield>
    <subfield code="i">LF1</subfield>
    <subfield code="l">0</subfield>
    <subfield code="o"> </subfield>
    <subfield code="p">35708-10</subfield>
    <subfield code="r">2020-06-25</subfield>
    <subfield code="w">2020-06-25</subfield>
    <subfield code="y">1</subfield>
    <subfield code="z">Biblioteca Juan Isidro Jim&#xE9;nes Grull&#xF3;n</subfield>
    <subfield code="Z">No se presta</subfield>
  </datafield>
  <datafield tag="999" ind1=" " ind2=" ">
    <subfield code="c">35199</subfield>
    <subfield code="d">35199</subfield>
  </datafield>
</record>
